Teams of 3. German Football League - Statistics

General Stats
  • This quiz has been taken 11 times
  • The average score is 10 of 20
Answer Stats
Answer % Correct
Borussia Dortmund 2
82%
Rot-Weiss Essen
82%
TSV 1860 München
82%
FC Viktoria Köln
73%
MSV Duisburg
73%
VfL Osnabrück
73%
Dynamo Dresden
64%
FC Ingolstadt 04
64%
1. FC Saarbrücken
55%
SV Wehen Wiesbaden
55%
FC Erzgebirge Aue
45%
SC Freiburg 2
45%
SV Meppen
45%
SV Waldhof Mannheim
45%
Hallescher FC
27%
SpVgg Bayreuth
27%
SV Elversberg
27%
VfB Oldenburg
27%
FSV Zwickau
18%
SC Verl
9%
No matching quizzes found
Score Distribution
Percent of People with Each Score
Percentile by Number Answered
Your Score History
You have not taken this quiz